Quiz prowincjonalny - Finlandia Środkowa - Statystyki

Ogólne statystyki
  • Ten quiz został rozwiązany 6 razy
  • Średni wynik to 1 z 16
Statystyki odpowiedzi
Wskazówka Odpowiedź % Poprawnych
Najludniejsze miasto Jyväskylä
80%
Ośrodek turystyczny i narciarski w tym mieście Himos
20%
Drugie najbardziej zaludnione miasto Jämsä
20%
Gmina, w której znajduje się kościół, który został wpisany na Listę Światowego Dziedzictwa UNESCO Petäjävesi
20%
Pseudonim ze względu na reputację miasta w zakresie edukacji i nauki Ateny Finlandii
0%
Jedna z sześciu prowincji, do którego należał ten region do 2009 roku Finlandia Zachodnia
0%
Gra w piłkę opracowana w środkowej Finlandii Fiński baseball
0%
Najdłużej urzędujący premier Finlandii, który urodził się w Keuruu Kalevi Sorsa
0%
Wzgórze na Multii, najwyższym punkcie południowej Finlandii Kiiskilänmäki
0%
Trzecia najbardziej zaludniona gmina, znana z malowideł naskalnych w Saraakallio Laukaa
0%
Najmniejsza gmina w kontynentalnej części Finlandii Luhanka
0%
Pisarz i działacz społeczny, który studiował i mieszkał w Finlandii Środkowej Minna Canth
0%
Największe jezioro Päijänne
0%
Znaczna część prowincji należy do tej krainy geograficznej Pojezierze Fińskie
0%
Jedyny region o większym udziale lasów Sawonia Południowa
0%
Zlewnia oddzielająca Finlandię Środkową od Ostrobotni Suomenselkä
0%
Nie znaleziono quizów pasujących do podanych kryteriów
Rozkład punktacji
Procent ludzi z każdym wynikiem
Percentyl według liczby udzielonych odpowiedzi
Twoja historia wyników
Nie rozwiązałeś tego quizu